000 00529nam a22001817a 4500
005 20231214073225.0
008 231214b |||||||| |||| 00| 0 eng d
020 _a9781485137368
041 _aEnglish
082 _a346.1 BOE
100 _aBoezaart, T
_lEnglish
245 _aLaw of Persons /
_cT Boezaart
250 _aSeventh Edition
260 _aCape Town :
_bJuta and Company Ltd,
_c2020
300 _bxi, 239 pages ;
_c25 cm.
650 _aLegal practice
_bLaw
942 _cBK
_6ALISON_BN_VRIES
999 _c1197
_d1197